Pays producteurs de café - Statistiques

Statistiques générales
  • Ce quiz a été pris 92 fois
  • Le résultat moyen est 9 sur 15
Statistiques - réponses
Milliers de tonnes (2020) Pays % Correct
3 700 Brésil
98%
833 Colombie
92%
176 Mexique
81%
377 Pérou
74%
298 Inde
73%
114 Chine
71%
773 Indonésie
64%
585 Ethiopie
61%
225 Guatemala
58%
364 Honduras
57%
76 Costa Rica
56%
1 763 Viet Nam
55%
159 Nicaragua
54%
186 Laos
31%
290 Ouganda
25%
Aucun quiz correspondant
Distribution des résultats
% des personnes avec chaque résultat
Percentile par nombre de réponses
Votre historique - résultats
Vous n’avez pas pris ce quiz